000 00855nam a22002657a 4500
001 8787
003 FISKH
005 20251020160644.0
008 251020b cb ||||| |||| 00| 0 eng d
020 _a9780545594318
040 _aFISKH
_beng
_cFISKH
_dFISKH
050 _aPZ7.R48292012
082 _a813.6
100 _aRiordan, Rick
_eAuthor
245 _aThe serpent's shadow /
_cRick Riordan
260 _aNew York :
_bScholastic ,
_c2012
300 _a448 pages :
_c20 cm
505 _aL
520 _aDespite their best efforts, Carter and Sade Kane can't seem to keep Apophis, the chaos snake, down. Their only hope: find an ancient spell that might turn the serpent's own shadow into a weapon.
521 8 _a590
_bLexile
521 8 _aL
_bRaz-Plus
650 _aEgyptian mythology
_vFantasy
942 _2ddc
_cBK
_n0
999 _c8787
_d8787